M1グランプリ 敗退コメントクイズ - Statistics

General Stats
  • This quiz has been taken 77 times
  • The average score is 13 of 23
Answer Stats
コメント コンビ名 % Correct
「審査される立場ですけど、逆にこっちが審査してやるんだって気持ちでやろう、って町田が言ってました」 エバース
86%
「お前、◯◯じゃねーな!!」(頭をどつく) カミナリ
86%
「決勝戦はキングオブコントチャンピオンとして見させていただきます」 かまいたち
77%
「悔しいです!!」 ザブングル
73%
A「一応2本目に、加藤一二三さんが出てくるっていうネタを…」B「しかも、土の中からですよ?」 トム・ブラウン
73%
A「本気でやってるから!!」審査員「本気でやってるっちゅうねんこっちも!!」 マヂカルラブリー
73%
「最悪や!」 ニューヨーク
70%
「相方がキングオブコントの待機の仕方し始めたんで、ダメな気がしてました…」 真空ジェシカ
66%
「テッテレ〜、左右の靴ひも結んでました〜」 スーパーマラドーナ
64%
「思てたんとちがぁぁぁう!!!」 笑い飯
63%
「大急ぎで負けに来たんですか?」 マユリカ
61%
「俺がおもしろくなります!」 ジョックロック
58%
A「はずいはずいはずいはずい」 B「なんか後半のほうに出てきてのこれめっちゃ恥ずかしいんですけど」 アキナ
56%
岡本選手にサインをお願いする ダンビラムーチョ
55%
「かんちょー、緊張しました」 モグライダー
55%
「せっかくオール巨人師匠に囲まれたところだったのに…」 ランジャタイ
55%
「山田邦子さん、僕らのこと忘れてますよね」 カベポスター
52%
「これが最後のテレビになるのかな?」 千鳥
48%
「相方が悔しすぎて、細稲垣になっちゃいました」 オズワルド
44%
A「審査員全員こしょばしたら点数上がりますかね?」B「お前、ようボケれんなぁ今…」 ジャルジャル
42%
後ろを向いてネタ合わせ ロングコートダディ
42%
「やっとM-1らしくなってきましたね」 馬鹿よ貴方は
23%
「昨日の夜にもしかしたら優勝できるかもと思った自分を殺したいですね」 東京ダイナマイト
11%
No matching quizzes found
Score Distribution
Percent of People with Each Score
Percentile by Number Answered
Your Score History
You have not taken this quiz